| 000 | 00808nam a22002297a 4500 | ||
|---|---|---|---|
| 999 |
_c20287 _d20287 |
||
| 003 | AR-CdUCM | ||
| 008 | 190528b ||||| |||| 00| 0 spa d | ||
| 040 |
_aMUNICIPALIDAD PROVINCIAL DEL CUSCO _cBIBLIOTECA MUNICIPAL DEL CUSCO |
||
| 082 |
_a658.85 / _bH79 |
||
| 100 |
_aHowland, Richard H. _942400 |
||
| 245 | _aTécnica de venta / | ||
| 260 |
_aBuenos Aires : _bEl Ateneo, _c1975. |
||
| 300 |
_a140 páginas ; _c26 cm. |
||
| 440 |
_aSerie de enseñanza programada _922327 |
||
| 505 | _aContenido: Desarrollo histórico de la venta -- Responsabilidades y cualidades del vendedor -- La venta como profesión... | ||
| 650 |
_aVentas _932325 |
||
| 650 |
_aTextos programados _936060 |
||
| 650 |
_aÉtica _91337 |
||
| 700 |
_aHermanson, Roger H. _942401 |
||
| 942 |
_2ddc _cLIBROS |
||
| 945 |
_adavv _d2019-05-28 |
||